LEADER 02512nam1 2200337 i 450 001 SUN0077295 005 20170220113707.906 010 $d0.00 100 $a20080915d1757 |0itac50 ba 101 $aita 102 $aIT 140 $a||||||||| ||||||||| 200 1 $a*Storia del commercio della Gran Brettagna scritta scritta da John Cary mercatante di Bristol, tradotta in nostra volgar lingua da Pietro Genovesi giureconsulto napoletano. Con un Ragionamento sul commercio in universale, e alcune annotazioni riguardanti l'economia del nostro regno. Di Antonio Genovesi .. 205 $aIn Napoli : per Benedetto Gessari, 1757 210 $a3 volumi$a8º 215 $aFregi e lettere xilografiche 463 \1$1001SUN0077296$12001 $a*Storia del commercio della Gran Brettagna scritta scritta da John Cary mercatante di Bristol, tradotta in nostra volgar lingua da Pietro Genovesi giureconsulto napoletano. Con un Ragionamento sul commercio in universale, e alcune annotazioni riguardanti l'economia del nostro regno. Di Antonio Genovesi ... 2 463 \1$1001SUN0077297$12001 $a*Storia del commercio della Gran Brettagna scritta scritta da John Cary mercatante di Bristol, tradotta in nostra volgar lingua da Pietro Genovesi giureconsulto napoletano ... 3 463 \1$1001SUN0108004$12001 $a*Storia del commercio della Gran Brettagna scritta scritta da John Cary mercatante di Bristol, tradotta in nostra volgar lingua da Pietro Genovesi giureconsulto napoletano. Con un Ragionamento sul commercio in universale, e alcune annotazioni riguardanti l'economia del nostro regno. Di Antonio Genovesi ... [1] 620 $dNapoli$3SUNL000005 700 1$aCary$b, John$3SUNV052066$0545749 702 1$aGenovesi$b, Pietro$3SUNV052068 702 1$aGenovesi$b, Antonio$f1713-1769$3SUNV053578 712 02$aGessari, Benedetto$3SUNV052069 790 1$aGenuensis, Antonius$zGenovesi, Antonio <1713-1769>$3SUNV082674 790 1$aGenovesi, Antonio $zGenovesi, Antonio <1713-1769>$3SUNV082675 790 1$aGenovese, Antonio$zGenovesi, Antonio <1713-1769>$3SUNV082676 801 $aIT$bSOL$c20170928$gRICA 912 $aSUN0077295 996 $aStoria del commercio della Gran Brettagna scritta scritta da John Cary mercatante di Bristol, tradotta in nostra volgar lingua da Pietro Genovesi giureconsulto napoletano. Con un Ragionamento sul commercio in universale, e alcune annotazioni riguardanti l'economia del nostro regno. Di Antonio Genovesi .$91406584 997 $aUNICAMPANIA